000 00840cam a2200241 i 4500
003 SA-RiAUC
005 20250922055054.0
008 250918s1999 ua g d 000 0 ara c
020 _a9775481368
040 _aSA-JeALM
_bara
_cSA-RiAUC
_erda
082 0 4 _a251.03
_qSA-RiAUC
090 _a251.03
_bح س ن
100 1 _aحسن، خالد رمضان
_eمؤلف.
245 1 0 _aمعجم أصول الفقه /
_cتأليف خالد رمضان حسن.
264 1 _aالقاهرة :
_bدار الطرابيشي،
_c1998.
300 _a329 صفحة ؛
_c23 سم
336 _aنص
_btxt
_2rdacontent
_3كتاب
337 _aبدون وسيط
_bn
_2rdamedia
338 _aمجلد
_bnc
_2rdacarrier
650 7 _aأصول الفقه الإسلامي
_vمعاجم
_2aucsh
942 _2ddc
_cBOOK
_n0
949 _aSA-JeALM
_d250918
_umohamedma123
_n1
999 _c11968
_d11968